<?xml version="1.0" encoding="UTF-8"?><record xmlns="http://www.loc.gov/MARC21/slim" xmlns:zs="http://docs.oasis-open.org/ns/search-ws/sruResponse">
  <leader>00612nz  a2200157n  4500</leader>
  <controlfield tag="001">no2014093245</controlfield>
  <controlfield tag="003">DLC</controlfield>
  <controlfield tag="005">20260224211315.8</controlfield>
  <controlfield tag="008">140714n| azannaabn          |n aaa     c</controlfield>
  <datafield ind1=" " ind2=" " tag="010">
    <subfield code="a">no2014093245</subfield>
  </datafield>
  <datafield ind1=" " ind2=" " tag="040">
    <subfield code="a">InU</subfield>
    <subfield code="b">eng</subfield>
    <subfield code="e">rda</subfield>
    <subfield code="c">InU</subfield>
  </datafield>
  <datafield ind1=" " ind2=" " tag="046">
    <subfield code="f">19700215</subfield>
    <subfield code="g">2021</subfield>
  </datafield>
  <datafield ind1="1" ind2=" " tag="100">
    <subfield code="a">Zukorlić, Muamer,</subfield>
    <subfield code="c">Mufti,</subfield>
    <subfield code="d">1970-</subfield>
  </datafield>
  <datafield ind1=" " ind2=" " tag="370">
    <subfield code="a">Orlje, Tutin (Serbia : Opština)</subfield>
  </datafield>
  <datafield ind1=" " ind2=" " tag="670">
    <subfield code="a">Filipović, Muhamed. Fenomen Muftija:</subfield>
    <subfield code="b">page 8 (... Muftije Zukorlića) page 253 (Muftija Muamer ef. Zukorlić; b. February 15, 1970 in the village of Orlje, near Tutin)</subfield>
  </datafield>
  <datafield ind1=" " ind2=" " tag="670">
    <subfield code="a">COBISS search, Feb. 24, 2026,</subfield>
    <subfield code="b">(Zukorlić, Muamer, 1970-2021)</subfield>
  </datafield>
</record>
